[Event "Zaragoza Casablanca op 3rd"]
[Site "Zaragoza"]
[Date "2009.12.26"]
[Round "1"]
[White "Palacin Algas, Angel"]
[Black "Franco Ocampos, Zenon"]
[Result "0-1"]
[WhiteElo "1863"]
[BlackElo "2516"]
[PlyCount "70"]
[EventDate "2009.12.26"]
[EventType "swiss"]
[EventRounds "9"]
[EventCountry "ESP"]
[SourceTitle "CBM 134 Extra"]
[Source "ChessBase"]
[SourceDate "2010.03.03"]
[SourceVersion "1"]
[SourceVersionDate "2010.03.03"]
[SourceQuality "1"]

1. e4 c5 2. Nc3 Nc6 3. g3 g6 4. Bg2 Bg7 5. d3 e5 6. f4 d6 7. Nh3 Nge7 8. 0-0 exf4 9. Nxf4 0-0 10. Ncd5 Rb8 11. c3 b5 12. Be3 b4 13. d4 bxc3 14. bxc3 cxd4 15. cxd4 Nxd5 16. Nxd5 Nb4 17. Nxb4 Rxb4 18. Qd3 Qa5 19. Rfc1 Ra4 20. Rc2 Ra3 21. Qe2 Ba6 22. Qf2 Qa4 23. Rd2 Rc8 24. e5 dxe5 25. dxe5 Rd3 26. Bd5 Rxd5 27. Rxd5 Bb7 28. Qd2 Qe4 29. Rd4 Qh1+ 30. Kf2 Qxh2+ 31. Ke1 Qh1+ 32. Kf2 Qxa1 33. Rd8+ Bf8 34. Bh6 Qxe5 35. Bxf8 Qf6+ 0-1